MARC details
| 000 -LEADER |
| fixed length control field |
01442cam a2200361 a 4500 |
| 001 - CONTROL NUMBER |
| control field |
13481947 |
| 003 - CONTROL NUMBER IDENTIFIER |
| control field |
OSt |
| 005 - DATE AND TIME OF LATEST TRANSACTION |
| control field |
20230703154429.0 |
| 008 - FIXED-LENGTH DATA ELEMENTS--GENERAL INFORMATION |
| fixed length control field |
040108s2002 bl f000 0 eng |
| 010 ## - LIBRARY OF CONGRESS CONTROL NUMBER |
| LC control number |
2003339415 |
| 020 ## - INTERNATIONAL STANDARD BOOK NUMBER |
| International Standard Book Number |
8570181566 |
| 035 ## - SYSTEM CONTROL NUMBER |
| System control number |
2003339415 |
| 040 ## - CATALOGING SOURCE |
| Original cataloging agency |
DLC |
| Transcribing agency |
DLC |
| Modifying agency |
DLC |
| 041 1# - LANGUAGE CODE |
| Language code of text/sound track or separate title |
por |
| Language code of original |
eng |
| 042 ## - AUTHENTICATION CODE |
| Authentication code |
lcode |
| 043 ## - GEOGRAPHIC AREA CODE |
| Geographic area code |
s-bl--- |
| 082 ## - DEWEY DECIMAL CLASSIFICATION NUMBER |
| Classification number |
342.981 |
| Item number |
FED |
| 110 1# - MAIN ENTRY--CORPORATE NAME |
| Corporate name or jurisdiction name as entry element |
Brazil. |
| 240 10 - UNIFORM TITLE |
| Uniform title |
Constituição (1988). |
| Language of a work |
English |
| 245 10 - TITLE STATEMENT |
| Title |
Constitution of the Federative Republic of Brazil / |
| Statement of responsibility, etc. |
translated and revised by, Istvan Vajda, Patrícia de Queiroz Carvalho Zimbres, Vanira Tavares de Souza. |
| 246 14 - VARYING FORM OF TITLE |
| Title proper/short title |
Constitution of the Federative Republic of Brazil, 1988 |
| 250 ## - EDITION STATEMENT |
| Edition statement |
Rev. ed. 2002, [3rd rev. ed.]. |
| 260 ## - PUBLICATION, DISTRIBUTION, ETC. (IMPRINT) |
| Place of publication, distribution, etc. |
Brasília : |
| Name of publisher, distributor, etc. |
Federal Senate, Special Secretariat for Printing and Publishing, Undersecretariat of Technical Publications, |
| Date of publication, distribution, etc. |
2002. |
| 300 ## - PHYSICAL DESCRIPTION |
| Extent |
293 p. ; |
| Dimensions |
23 cm. |
| 500 ## - GENERAL NOTE |
| General note |
"Constitutional text of October 5, 1988, with the alterations introduced by Constitutional Amendments No. 1/92 through 35/01 and by Revision Constitutional Amendments No. 1/94 through 6/94." |
| 650 #0 - SUBJECT ADDED ENTRY--TOPICAL TERM |
| Topical term or geographic name as entry element |
Constitutions |
| Geographic subdivision |
Brazil. |
| 700 1# - ADDED ENTRY--PERSONAL NAME |
| Personal name |
Vajda, István. |
| 700 1# - ADDED ENTRY--PERSONAL NAME |
| Personal name |
Zimbres, Patrícia. |
| 700 1# - ADDED ENTRY--PERSONAL NAME |
| Personal name |
Souza, Vanira Tavares de. |
| 906 ## - LOCAL DATA ELEMENT F, LDF (RLIN) |
| a |
7 |
| b |
cbc |
| c |
origode |
| d |
2 |
| e |
ncip |
| f |
20 |
| g |
y-gencatlg |
| 942 ## - ADDED ENTRY ELEMENTS (KOHA) |
| Source of classification or shelving scheme |
Dewey Decimal Classification |
| Koha item type |
Books |